Guide for meetings and organisations : (Record no. 6275)

MARC details
000 -LEADER
fixed length control field 00828cam a2200241 4500
001 - CONTROL NUMBER
control field 7355
005 - DATE AND TIME OF LATEST TRANSACTION
control field 20181127183448.0
008 - FIXED-LENGTH DATA ELEMENTS--GENERAL INFORMATION
fixed length control field 030110s2000 at f 001 0 eng d
010 ## - LIBRARY OF CONGRESS CONTROL NUMBER
LC control number 2003386254
020 ## - INTERNATIONAL STANDARD BOOK NUMBER
International Standard Book Number 0455217696 (v. 1)
International Standard Book Number 045521770X (v. 2)
082 00 - DEWEY DECIMAL CLASSIFICATION NUMBER
Classification number 658.4
Edition number 22
100 1# - MAIN ENTRY--PERSONAL NAME
Personal name Renton, N. E.
245 10 - TITLE STATEMENT
Title Guide for meetings and organisations :
Remainder of title Vol. 1 : guide for voluntary associations /
Statement of responsibility, etc. N E Renton ; with a foreword by Ian O Spicer.
250 ## - EDITION STATEMENT
Edition statement 7th ed.
260 ## - PUBLICATION, DISTRIBUTION, ETC.
Place of publication, distribution, etc. Pyrmont, N.S.W. :
Name of publisher, distributor, etc. LBC Information Services,
Date of publication, distribution, etc. 2000.
300 ## - PHYSICAL DESCRIPTION
Extent 2 v. ;
Dimensions 22 cm.
500 ## - GENERAL NOTE
General note Includes index.
505 0# - FORMATTED CONTENTS NOTE
Formatted contents note v. 1. Guide for voluntary associations -- v. 2. Guide for meetings.
650 #0 - SUBJECT ADDED ENTRY--TOPICAL TERM
Topical term or geographic name entry element Meetings
Form subdivision Handbooks, manuals, etc.
Topical term or geographic name entry element Parliamentary practice.
Holdings
Withdrawn status Lost status Source of classification or shelving scheme Damaged status Not for loan Collection code Home library Current library Shelving location Serial Enumeration / chronology Inventory number Total Checkouts Full call number Barcode Date last seen Price effective from Koha item type
    Dewey Decimal Classification     Main TEST RTC Library RTC Library Main opac 11311   658.4 REN 30011067 27/11/2018 27/11/2018 Main
Royal Thimphu College || All Right Reserved